| 000 | 00682pam a2200229 a 4500 | ||
|---|---|---|---|
| 001 | 4312108 | ||
| 005 | 20180201073112.0 | ||
| 008 | 870326s1987 cauaf b 001 0 eng | ||
| 010 | _a 87004003 | ||
| 020 | _a0817986618 | ||
| 020 | _a0817986626 (pbk.) | ||
| 040 |
_aDLC _cDLC _dDLC |
||
| 041 | _aeng | ||
| 080 | _a330.1 mil | ||
| 082 | 0 | 0 |
_a330.1 mil _219 |
| 100 | 1 | _a52 | |
| 101 | _aeco | ||
| 245 | 1 | 4 |
_aThe essence of Friedman / _cedited by Kurt R. Leube ; foreword by W. Glenn Campbell ; introduction by Anna J. Schwartz. |
| 504 | _a"Complete bibliography of Milton Friedman": p. [527]-551. | ||
| 906 |
_a7 _bcbc _corignew _d1 _eocip _f19 _gy-gencatlg |
||
| 942 |
_2ddc _cBK |
||
| 999 |
_c41535 _d41535 |
||